[Event "CRO-chT2 West"]
[Site "Croatia"]
[Date "2017.10.22"]
[Round "8"]
[White "Safar, Sandro"]
[Black "Pavlovic, Ranko"]
[Result "1-0"]
[WhiteElo "2205"]
[BlackElo "2133"]
[PlyCount "87"]
[EventDate "2017.03.25"]
[EventType "team-tourn"]
[EventRounds "9"]
[EventCountry "CRO"]
[SourceTitle "EXT 2020"]
[Source "ChessBase"]
[SourceDate "2019.10.17"]
[SourceVersion "1"]
[SourceVersionDate "2019.10.17"]
[SourceQuality "1"]

1. e4 e6 2. d4 d5 3. Nd2 dxe4 4. Nxe4 Nd7 5. Nf3 Be7 6. Bd3 Ngf6 7. Ng3 b6 8. c3 Bb7 9. 0-0 0-0 10. Re1 c5 11. Bc2 Rc8 12. Bg5 h6 13. Be3 Re8 14. Qd3 c4 15. Qe2 Qc7 16. Rad1 Qc6 17. Bb1 Bf8 18. Bc1 g6 19. Qf1 b5 20. a3 a5 21. h4 h5 22. Bg5 b4 23. axb4 axb4 24. Ne5 Nxe5 25. dxe5 Nh7 26. Be4 Qb6 27. Bxb7 Qxb7 28. Ne4 bxc3 29. bxc3 Rc6 30. Rd4 Qb5 31. Qe2 Rec8 32. g4 hxg4 33. Qxg4 Kh8 34. Qf4 R6c7 35. Red1 Qa4 36. Rd8 Rxd8 37. Rxd8 Rd7 38. Bf6+ Kg8 39. Rxf8+ Kxf8 40. Qh6+ Ke8 41. Qxh7 Rd1+ 42. Kh2 Qc2 43. Nd6+ Rxd6 44. Qg8+ 1-0

[Event "CRO-chT2 West"]
[Site "Croatia"]
[Date "2017.04.09"]
[Round "5.5"]
[White "Pavlovic, Ranko"]
[Black "Jurman, Pjerino"]
[Result "0-1"]
[WhiteElo "2164"]
[BlackElo "1986"]
[PlyCount "98"]
[EventDate "2017.03.25"]
[EventType "team-tourn"]
[EventRounds "9"]
[EventCountry "CRO"]
[SourceTitle "EXT 2020"]
[Source "ChessBase"]
[SourceDate "2019.10.17"]
[SourceVersion "1"]
[SourceVersionDate "2019.10.17"]
[SourceQuality "1"]

1. d4 e6 2. Nf3 Nf6 3. Bf4 d5 4. e3 Be7 5. c4 0-0 6. Nc3 a6 7. cxd5 exd5 8. Bd3 Bg4 9. Qc2 Nc6 10. a3 Bxf3 11. gxf3 Re8 12. 0-0 h6 13. Ne2 Bd6 14. Bxd6 Qxd6 15. Ng3 Ne7 16. Rfc1 c6 17. b4 h5 18. Kh1 g6 19. Rg1 Kf8 20. Ne2 Nh7 21. Nf4 Qf6 22. Kg2 Ng5 23. h4 Ne6 24. Nxe6+ Qxe6 25. Rh1 b6 26. Rab1 Rec8 27. Rh3 Qd6 28. Qe2 b5 29. Qc2 a5 30. Qc5 Qf6 31. Qc2 axb4 32. axb4 Ra3 33. Rhh1 Rca8 34. Rb2 R8a4 35. f4 Qe6 36. f5 gxf5 37. Rh3 f4 38. exf4 Qg4+ 39. Rg3 Qxf4 40. Qc5 Ra2 41. Qc3 R4a3 42. Rxa2 Rxc3 43. Ra8+ Nc8 44. Rxc8+ Ke7 45. Ra8 Qxd4 46. Re3+ Kd6 47. Rd8+ Kc7 48. Ree8 Qg4+ 49. Kh2 Rxd3 0-1

[Event "CRO-chT2 West"]
[Site "Rijeka"]
[Date "2012.04.22"]
[Round "6.21"]
[White "Pavlovic, Ranko"]
[Black "Stefan, Mario"]
[Result "1/2-1/2"]
[WhiteElo "2208"]
[BlackElo "1916"]
[PlyCount "28"]
[EventDate "2012.03.17"]
[EventType "team-tourn"]
[EventRounds "9"]
[EventCountry "CRO"]
[SourceTitle "EXT 2013"]
[Source "ChessBase"]
[SourceDate "2012.11.22"]
[SourceVersion "1"]
[SourceVersionDate "2012.11.22"]
[SourceQuality "1"]

1. d4 Nf6 2. Nf3 g6 3. Nbd2 d5 4. e3 Bg7 5. Bd3 0-0 6. 0-0 c6 7. b3 Qc7 8. Bb2 Nbd7 9. c4 e6 10. Rc1 Re8 11. h3 Qa5 12. Qc2 Nf8 13. Rfe1 Bd7 14. Bc3 Qd8 1/2-1/2

[Event "CRO-chT2 West"]
[Site "Croatia"]
[Date "2011.11.06"]
[Round "9.22"]
[White "Pavlovic, Ranko"]
[Black "Licardo, Renato"]
[Result "0-1"]
[WhiteElo "2231"]
[BlackElo "2186"]
[PlyCount "52"]
[EventDate "2011.03.12"]
[EventType "team-tourn"]
[EventRounds "9"]
[EventCountry "CRO"]
[SourceTitle "EXT 2014"]
[Source "ChessBase"]
[SourceDate "2013.11.20"]
[SourceVersion "1"]
[SourceVersionDate "2013.11.20"]
[SourceQuality "1"]

1. d4 Nf6 2. c4 g6 3. Nc3 d5 4. Nf3 Bg7 5. Bf4 0-0 6. e3 c5 7. Be2 cxd4 8. Nxd4 dxc4 9. Bxc4 Nh5 10. Bxb8 Rxb8 11. Nde2 Qb6 12. Qb3 Qc5 13. Qb5 Qxb5 14. Nxb5 Bxb2 15. Rb1 Be5 16. Nxa7 Bf5 17. Rd1 Bc2 18. Rc1 Ba4 19. Bb5 Bxb5 20. Nxb5 Ra8 21. Nec3 Rfc8 22. Kd2 Nf6 23. a4 Rc4 24. f4 Bxc3+ 25. Nxc3 Rac8 26. h3 Rxc3 0-1

[Event "CRO-chT2 West"]
[Site "Croatia"]
[Date "2011.04.09"]
[Round "4.44"]
[White "Pavlovic, Ranko"]
[Black "Zilic, Boris"]
[Result "1-0"]
[WhiteElo "2231"]
[BlackElo "2097"]
[PlyCount "103"]
[EventDate "2011.03.12"]
[EventType "team-tourn"]
[EventRounds "9"]
[EventCountry "CRO"]
[SourceTitle "EXT 2014"]
[Source "ChessBase"]
[SourceDate "2013.11.20"]
[SourceVersion "1"]
[SourceVersionDate "2013.11.20"]
[SourceQuality "1"]

1. d4 g6 2. c4 Bg7 3. Nc3 d6 4. e4 Nd7 5. Nge2 e5 6. d5 Ne7 7. Ng3 a5 8. Be2 Nc5 9. 0-0 h5 10. Bd2 h4 11. Nh1 f5 12. f3 Ng8 13. Nf2 Nf6 14. exf5 gxf5 15. f4 Qe7 16. Re1 e4 17. Be3 Bd7 18. Rc1 0-0-0 19. b3 Rdg8 20. a3 Ng4 21. Nxg4 fxg4 22. b4 axb4 23. axb4 Na6 24. c5 Nb8 25. Nb5 dxc5 26. bxc5 Bxb5 27. Bxb5 c6 28. dxc6 bxc6 29. Bc4 Rd8 30. Qb3 Rhe8 31. Rb1 Qa7 32. f5 Bd4 33. Be6+ Kc7 34. Kh1 Bxe3 35. Qxe3 Nd7 36. Qf4+ Kc8 37. Rxe4 Qc7 38. Ra4 Qxf4 39. Rxf4 Kc7 40. Bxd7 Rxd7 41. Rxg4 h3 42. gxh3 Re5 43. Rf1 Rf7 44. f6 Kd7 45. Rd4+ Rd5 46. Rxd5+ cxd5 47. Kg2 Kc6 48. Kg3 Kxc5 49. Kg4 Kd6 50. Kg5 d4 51. Kg6 Rf8 52. Kg7 1-0

[Event "Mediterranean op-A 4th"]
[Site "Rijeka"]
[Date "2010.11.17"]
[Round "6"]
[White "Pavlovic, Ranko"]
[Black "Fucak, Emilijo"]
[Result "1/2-1/2"]
[WhiteElo "2242"]
[BlackElo "2280"]
[PlyCount "71"]
[EventDate "2010.11.12"]
[EventType "swiss"]
[EventRounds "9"]
[EventCountry "CRO"]
[SourceTitle "EXT 2011"]
[Source "ChessBase"]
[SourceDate "2010.11.26"]
[SourceVersion "1"]
[SourceVersionDate "2010.11.26"]
[SourceQuality "1"]

1. d4 Nf6 2. c4 e6 3. Nc3 Bb4 4. e3 c5 5. Bd3 Nc6 6. Nf3 Bxc3+ 7. bxc3 d6 8. 0-0 e5 9. d5 Ne7 10. Qc2 0-0 11. Ne1 b5 12. e4 bxc4 13. Bxc4 Nd7 14. g3 Qa5 15. Ng2 Nb6 16. Ne3 Bh3 17. Re1 Bd7 18. Bd3 Rfc8 19. Bd2 c4 20. Bf1 Ba4 21. Qc1 Qc5 22. Kg2 Rc7 23. Rb1 f5 24. f3 Rf8 25. Rb4 fxe4 26. fxe4 a5 27. Rb2 Kh8 28. Kh1 Nec8 29. Bg2 Rcf7 30. Nf5 Nxd5 31. Nxd6 Nxd6 32. exd5 Re8 33. Be3 Qc8 34. Rf1 Rxf1+ 35. Qxf1 Bd7 36. Bg1 1/2-1/2

[Event "Mediterranean op-A 4th"]
[Site "Rijeka"]
[Date "2010.11.16"]
[Round "5"]
[White "Andrejic, Vladica"]
[Black "Pavlovic, Ranko"]
[Result "1/2-1/2"]
[WhiteElo "2168"]
[BlackElo "2242"]
[PlyCount "41"]
[EventDate "2010.11.12"]
[EventType "swiss"]
[EventRounds "9"]
[EventCountry "CRO"]
[SourceTitle "EXT 2011"]
[Source "ChessBase"]
[SourceDate "2010.11.26"]
[SourceVersion "1"]
[SourceVersionDate "2010.11.26"]
[SourceQuality "1"]

1. d4 Nf6 2. c4 e6 3. Nc3 d5 4. cxd5 exd5 5. Bg5 Be7 6. e3 0-0 7. Bd3 Nbd7 8. Nge2 Re8 9. 0-0 Nf8 10. b4 Ne6 11. Bxf6 Bxf6 12. Qb3 c6 13. Rac1 a6 14. a4 Be7 15. Ng3 g6 16. Rc2 Bd6 17. Rfc1 b5 18. a5 Bd7 19. Nce2 Qe7 20. Rb2 f5 21. f4 1/2-1/2

[Event "Mediterranean op-A 4th"]
[Site "Rijeka"]
[Date "2010.11.15"]
[Round "4"]
[White "Pavlovic, Ranko"]
[Black "Valenti, Giuseppe"]
[Result "1/2-1/2"]
[WhiteElo "2242"]
[BlackElo "2122"]
[PlyCount "119"]
[EventDate "2010.11.12"]
[EventType "swiss"]
[EventRounds "9"]
[EventCountry "CRO"]
[SourceTitle "EXT 2011"]
[Source "ChessBase"]
[SourceDate "2010.11.26"]
[SourceVersion "1"]
[SourceVersionDate "2010.11.26"]
[SourceQuality "1"]

1. d4 d6 2. c4 Nd7 3. Nc3 e5 4. d5 Ngf6 5. e4 c6 6. Nge2 g6 7. Ng3 cxd5 8. cxd5 a6 9. Be2 Bg7 10. 0-0 h5 11. Re1 h4 12. Nf1 Nc5 13. Nd2 a5 14. Nb3 b6 15. Bg5 Bd7 16. Nxc5 bxc5 17. Bb5 Bxb5 18. Nxb5 Qd7 19. a4 Rh5 20. Bxf6 Bxf6 21. Ra3 Ke7 22. Rb3 Rhh8 23. Qe2 Rab8 24. Rc1 Bg5 25. Rc2 f5 26. Rf3 Bf6 27. h3 f4 28. Rb3 g5 29. Qg4 Qxg4 30. hxg4 Kd7 31. Rcc3 Rb7 32. Rc4 Rhb8 33. Kf1 Bd8 34. Ke2 Bf6 35. Kd2 Be7 36. Kc2 Bf6 37. Kb1 Be7 38. Ka2 Kc8 39. Rh3 Kd7 40. b3 Rf8 41. Rcc3 Bd8 42. Na3 Rf6 43. Kb2 Ke7 44. Nc4 Kf7 45. Kc2 Kg6 46. Kd2 Rh7 47. Ke2 Bc7 48. Kf1 Rf8 49. Na3 Bb8 50. Nb5 Rff7 51. Rhf3 Rf8 52. Kg1 Rff7 53. Rcd3 Rh8 54. Rh3 Rhh7 55. Rdf3 Rh8 56. Na3 Bc7 57. Nc4 Bb8 58. Nd2 Rb7 59. Kf1 Rb4 60. Nc4 1/2-1/2

[Event "Mediterranean op-A 4th"]
[Site "Rijeka"]
[Date "2010.11.12"]
[Round "1"]
[White "Fercec, Nenad"]
[Black "Pavlovic, Ranko"]
[Result "1-0"]
[WhiteElo "2491"]
[BlackElo "2242"]
[PlyCount "54"]
[EventDate "2010.11.12"]
[EventType "swiss"]
[EventRounds "9"]
[EventCountry "CRO"]
[SourceTitle "EXT 2011"]
[Source "ChessBase"]
[SourceDate "2010.11.26"]
[SourceVersion "1"]
[SourceVersionDate "2010.11.26"]
[SourceQuality "1"]

1. e4 e6 2. d4 d5 3. Nd2 dxe4 4. Nxe4 Bd7 5. Nf3 Bc6 6. Bd3 Nd7 7. Qe2 Be7 8. Bd2 Ngf6 9. 0-0-0 Bxe4 10. Bxe4 Nxe4 11. Qxe4 c6 12. Kb1 Qb6 13. c4 Qa6 14. Rc1 Nf6 15. Qc2 Rd8 16. g4 g6 17. Ne5 Nd7 18. Qe4 Bf6 19. Bh6 Qa5 20. Nf3 Be7 21. Rhe1 g5 22. Bg7 Bf6 23. Bxh8 Bxh8 24. Qxh7 Ke7 25. d5 cxd5 26. Nxg5 Nf6 27. Rxe6+ Kd7 1-0

[Event "CRO-chT3 West"]
[Site "Croatia"]
[Date "2010.04.24"]
[Round "4.32"]
[White "Pavlovic, Ranko"]
[Black "Vujnovic, Patricija"]
[Result "1-0"]
[WhiteElo "2238"]
[BlackElo "1906"]
[PlyCount "105"]
[EventDate "2010.03.27"]
[EventType "team-tourn"]
[EventRounds "9"]
[EventCountry "CRO"]
[SourceTitle "EXT 2012"]
[Source "ChessBase"]
[SourceDate "2011.11.24"]
[SourceVersion "1"]
[SourceVersionDate "2011.11.24"]
[SourceQuality "1"]

1. d4 Nf6 2. c4 c5 3. d5 b5 4. Nd2 d6 5. e4 bxc4 6. Bxc4 g6 7. Ngf3 Bg7 8. 0-0 0-0 9. Qe2 Nbd7 10. h3 Nh5 11. Nb3 a5 12. a4 Nb6 13. Bb5 Bd7 14. Re1 Bxb5 15. Qxb5 Nd7 16. g4 Rb8 17. Qd3 Qb6 18. Ra3 Nhf6 19. Bd2 c4 20. Qxc4 Rfc8 21. Qd3 Nxg4 22. hxg4 Bxb2 23. Nxa5 Bxa3 24. Qxa3 Nf6 25. Nc6 Rxc6 26. dxc6 Nxg4 27. Be3 Qxc6 28. Nd2 Ra8 29. a5 Qb5 30. Ra1 Nxe3 31. fxe3 Qe2 32. Ra2 h5 33. a6 h4 34. Nf1 Qg4+ 35. Rg2 Qxe4 36. a7 Qb7 37. Ra2 Qf3 38. Qb4 h3 39. e4 Qg4+ 40. Kh2 Qc8 41. Qd4 Qd7 42. Ne3 e5 43. Qb6 Kg7 44. Qb8 Qc6 45. Qxa8 Qxa8 46. Nd5 f5 47. exf5 Qxd5 48. a8Q Qd3 49. fxg6 Qxg6 50. Ra7+ Kf6 51. Qf3+ Ke6 52. Qxh3+ Kd5 53. Qg2+ 1-0

[Event "CRO-chT3 West"]
[Site "Croatia"]
[Date "2010.03.27"]
[Round "1.51"]
[White "Pavlovic, Ranko"]
[Black "Richter, Boris"]
[Result "1-0"]
[WhiteElo "2238"]
[BlackElo "2134"]
[PlyCount "61"]
[EventDate "2010.03.27"]
[EventType "team-tourn"]
[EventRounds "9"]
[EventCountry "CRO"]
[SourceTitle "EXT 2012"]
[Source "ChessBase"]
[SourceDate "2011.11.24"]
[SourceVersion "1"]
[SourceVersionDate "2011.11.24"]
[SourceQuality "1"]

1. d4 f5 2. g4 fxg4 3. e4 d6 4. Nc3 g6 5. h3 g3 6. fxg3 Bg7 7. Bg2 Nc6 8. Nge2 Nf6 9. Be3 0-0 10. Qd2 Rb8 11. 0-0 Na5 12. b3 b6 13. Nf4 c5 14. d5 Qc7 15. Rad1 Bd7 16. g4 Qc8 17. Nce2 g5 18. Nd3 h5 19. Bxg5 hxg4 20. h4 c4 21. Ndf4 c3 22. Qc1 Qc5+ 23. Kh1 g3 24. Nd3 Qc8 25. Nxg3 Bg4 26. Nf5 Bxf5 27. exf5 Nh5 28. Qe3 Rxf5 29. Bh3 Rxf1+ 30. Rxf1 Bd4 31. Be6+ 1-0

[Event "CRO-chT2 West"]
[Site "Rijeka"]
[Date "2005.03.20"]
[Round "3"]
[White "Pavlovic, Ranko"]
[Black "Begonja, Veljko"]
[Result "1/2-1/2"]
[WhiteElo "2286"]
[BlackElo "2284"]
[PlyCount "70"]
[EventDate "2005.03.19"]
[EventType "team"]
[EventRounds "11"]
[EventCountry "CRO"]
[SourceTitle "EXT 2007"]
[Source "ChessBase"]
[SourceDate "2006.11.23"]
[SourceVersion "1"]
[SourceVersionDate "2006.11.23"]
[SourceQuality "1"]

1. d4 d6 2. c4 g6 3. Nc3 Bg7 4. e4 Nd7 5. Nf3 e5 6. Be2 Ngf6 7. d5 a5 8. Bg5 h6 9. Bh4 g5 10. Bg3 Nh5 11. Nd2 Nf4 12. 0-0 Nf6 13. Re1 Bd7 14. Nf1 Nxe2+ 15. Qxe2 h5 16. f3 h4 17. Bf2 g4 18. Be3 gxf3 19. Qxf3 Bg4 20. Qf2 Nd7 21. h3 Bh5 22. Nh2 Bh6 23. Rf1 Bxe3 24. Qxe3 Nf8 25. Nf3 Rg8 26. Ne2 Bxf3 27. Rxf3 Qg5 28. Qf2 Nd7 29. Rf1 f6 30. Rf5 Qg6 31. Qf3 0-0-0 32. Rf2 Qh6 33. Qc3 Nc5 34. Qc2 Qe3 35. Qc3 Qxe4 1/2-1/2

[Event "CRO-chT2 West"]
[Site "Rijeka"]
[Date "2005.03.19"]
[Round "1"]
[White "Samblic, Silvano"]
[Black "Pavlovic, Ranko"]
[Result "0-1"]
[WhiteElo "2179"]
[BlackElo "2286"]
[PlyCount "72"]
[EventDate "2005.03.19"]
[EventType "team"]
[EventRounds "11"]
[EventCountry "CRO"]
[SourceTitle "EXT 2007"]
[Source "ChessBase"]
[SourceDate "2006.11.23"]
[SourceVersion "1"]
[SourceVersionDate "2006.11.23"]
[SourceQuality "1"]

1. e4 e5 2. Nf3 Nc6 3. Bc4 Bc5 4. Nc3 Nf6 5. d3 d6 6. h3 Be6 7. Bg5 h6 8. Bh4 g5 9. Bg3 Qd7 10. Bb5 a6 11. Bxc6 Qxc6 12. Nxe5 Qb6 13. Na4 Qa5+ 14. c3 dxe5 15. 0-0 Bd6 16. b4 Qb5 17. c4 Bxc4 18. dxc4 Qxc4 19. Nb2 Qxb4 20. Nd3 Qd4 21. Qc2 Nxe4 22. Bxe5 Bxe5 23. Nxe5 Qxe5 24. Rae1 f5 25. f3 0-0-0 26. fxe4 f4 27. Rf3 Rhe8 28. Rc3 Re7 29. Rc1 Rdd7 30. Re1 Qd4+ 31. Kh2 Re5 32. Rc1 Qd6 33. Qb3 Kb8 34. Rb1 Rb5 35. Qc2 f3+ 36. Kh1 fxg2+ 0-1

[Event "Belgrade tt Cup"]
[Site "Belgrade"]
[Date "2003.04.06"]
[Round "3"]
[White "Pavlovic, Ranko"]
[Black "Matovic, Petar"]
[Result "0-1"]
[WhiteElo "2292"]
[BlackElo "2321"]
[PlyCount "62"]
[EventDate "2003.04.04"]
[EventType "team"]
[EventRounds "5"]
[EventCountry "YUG"]
[SourceTitle "CBM 093 Extra"]
[Source "ChessBase"]
[SourceDate "2003.05.09"]
[SourceVersion "1"]
[SourceVersionDate "2003.05.09"]
[SourceQuality "1"]

1. e4 d5 2. exd5 Qxd5 3. d4 Nc6 4. Nf3 Bg4 5. Be2 e5 6. c4 Qa5+ 7. Bd2 Bb4 8. d5 Bxf3 9. Bxf3 Nd4 10. Nc3 0-0-0 11. 0-0 Qa6 12. Re1 f6 13. Be2 Nxe2+ 14. Qxe2 h5 15. Qe4 Ne7 16. a3 Bxc3 17. Bxc3 c6 18. d6 Rxd6 19. f4 Re6 20. fxe5 fxe5 21. Bxe5 Re8 22. Qc2 g6 23. Bf4 Nf5 24. Rxe6 Rxe6 25. Rd1 c5 26. Qd3 Nd4 27. b4 Qc6 28. bxc5 Re2 29. Qh3+ Nf5 30. Rd5 Qf6 31. Qd3 Qa1+ 0-1

[Event "CRO-chT"]
[Site "Pula"]
[Date "1993.??.??"]
[Round "9"]
[White "Pavlovic, Ranko"]
[Black "Sermek, Drazen"]
[Result "1/2-1/2"]
[WhiteElo "2320"]
[BlackElo "2495"]
[PlyCount "110"]
[EventDate "1993.??.??"]
[EventType "team"]
[EventRounds "9"]
[EventCountry "CRO"]
[SourceTitle "EXT 1999"]
[Source "ChessBase"]
[SourceDate "1998.11.16"]
[SourceVersion "1"]
[SourceVersionDate "1998.11.16"]
[SourceQuality "1"]

1. d4 d5 2. Nf3 c5 3. c4 dxc4 4. e3 cxd4 5. exd4 Be6 6. Na3 Nf6 7. Bxc4 Bd5 8. 0-0 e6 9. Bg5 Bxa3 10. Bxd5 Qxd5 11. Qa4+ Nc6 12. Qxa3 Ne4 13. Be3 Qd6 14. Qxd6 Nxd6 15. d5 exd5 16. Rfd1 0-0-0 17. Rxd5 Nc4 18. Rc5 Nxe3 19. fxe3 Kb8 20. a3 Rhe8 21. Re1 f6 22. Kf2 Rd7 23. Re2 Nd8 24. Rd2 Rde7 25. Rcd5 Kc7 26. Rc2+ Nc6 27. Nd4 Rxe3 28. Rdc5 R3e5 29. R5c3 Kd7 30. Nxc6 Rf5+ 31. Kg3 bxc6 32. Rxc6 Re3+ 33. Kg4 Rg5+ 34. Kf4 Ree5 35. g4 h5 36. h3 hxg4 37. hxg4 a5 38. Rc7+ Ke8 39. Ra7 Re7 40. Rcc7 Rxc7 41. Rxc7 Kf8 42. Rb7 Kg8 43. b4 axb4 44. Rxb4 Kf7 45. a4 Ra5 46. Re4 Kg6 47. Rb4 Rc5 48. Rd4 Rc1 49. Rb4 Rf1+ 50. Kg3 Ra1 51. Kf3 Kh6 52. Kf4 g6 53. Ke4 Kg5 54. Kd5 Rg1 55. Kc5 f5 1/2-1/2

[Event "CRO-chT"]
[Site "Pula"]
[Date "1992.??.??"]
[Round "7"]
[White "Pavlovic, Ranko"]
[Black "Jurkovic, Ante"]
[Result "1/2-1/2"]
[WhiteElo "2320"]
[BlackElo "2285"]
[PlyCount "46"]
[EventDate "1992.??.??"]
[EventType "team"]
[EventRounds "9"]
[EventCountry "CRO"]
[SourceTitle "EXT 1998"]
[Source "ChessBase"]
[SourceDate "1997.11.17"]
[SourceVersion "1"]
[SourceVersionDate "1997.11.17"]
[SourceQuality "1"]

1. Nf3 Nf6 2. c4 g6 3. Nc3 Bg7 4. d4 0-0 5. e4 c5 6. d5 e6 7. Be2 exd5 8. exd5 d6 9. Bf4 Re8 10. Qd2 Ne4 11. Nxe4 Rxe4 12. Be3 Nd7 13. Bd3 Re8 14. 0-0 Ne5 15. Nxe5 Bxe5 16. Rae1 Bd7 17. f4 Bg7 18. f5 Rxe3 19. Rxe3 Bd4 20. f6 Bxf6 21. Ref3 Bd4+ 22. Kh1 f5 23. b3 Be5 1/2-1/2

[Event "CRO-chT"]
[Site "Pula"]
[Date "1992.??.??"]
[Round "6"]
[White "Zelcic, Robert"]
[Black "Pavlovic, Ranko"]
[Result "1-0"]
[WhiteElo "2380"]
[BlackElo "2320"]
[PlyCount "63"]
[EventDate "1992.??.??"]
[EventType "team"]
[EventRounds "9"]
[EventCountry "CRO"]
[SourceTitle "EXT 2002"]
[Source "ChessBase"]
[SourceDate "2001.11.25"]
[SourceVersion "1"]
[SourceVersionDate "2001.11.25"]
[SourceQuality "1"]

1. e4 e5 2. Nf3 d6 3. d4 Nf6 4. Nc3 exd4 5. Nxd4 Be7 6. Bc4 Bd7 7. 0-0 0-0 8. Bf4 Nc6 9. Re1 Nxd4 10. Qxd4 Bc6 11. Rad1 Nd7 12. Nd5 Bf6 13. Nxf6+ Qxf6 14. Qxf6 Nxf6 15. e5 Nh5 16. Bg5 dxe5 17. Rxe5 g6 18. Re7 Rac8 19. h3 Kg7 20. Bd2 h6 21. g4 Nf6 22. Bc3 g5 23. f4 b5 24. Bb3 gxf4 25. Rd4 Kg6 26. Rxf4 Nd5 27. Bxd5 Bxd5 28. Rf6+ Kh7 29. Re5 b4 30. Bxb4 Rfd8 31. Bc3 Kg7 32. Rxd5 1-0